Statistics for NFL 1000 yard rushers 2000-2016

Click here to take the quiz!

General Stats

  • This quiz has been taken 890 times
    (839 since last reset)
  • The average score is 184 of 270

Answer Stats

Hint Answer % Correct
Vikings 2012 2097 ydsAdrian Peterson
99%
Titans 2009 2006 ydsChris Johnson
96%
Chiefs 2006 1789 ydsLarry Johnson
96%
Cardinals 2016 1239 ydsDavid Johnson
96%
Bengals 2005 1458 ydsRudi Johnson
95%
49ers 2006 1695 ydsFrank Gore
94%
Seahawks 2012 1590 ydsMarshawn Lynch
94%
Eagles 2013 1607 ydsLesean Mccoy
91%
Cowboys 2014 1845 ydsDemarco Murray
91%
Chargers 2006 1815 ydsLadainian Tomlinson
91%
Steelers 2014 1361 ydsLe Veon Bell
90%
Steelers 2016 1268 ydsLe'veon Bell
90%
Raiders 2015 1066 ydsLatavius Murray
90%
Broncos 2006 1025 ydsTatum Bell
89%
Seahawks 2005 1880 ydsShaun Alexander
85%
Jets 2004 1697 ydsCurtis Martin
84%
Buccaneers 2012 1454 ydsDoug Martin
84%
Panthers 2008 1515 ydsDeangelo Williams
83%
Texans 2004 1188 ydsDomanick Williams
83%
Dolphins 2002 1853 ydsRicky Williams
83%
Buccaneers 2005 1178 ydsCadillac Williams
83%
Rams 2001 1382 ydsMarshall Faulk
82%
Jets 2009 1402 ydsThomas Jones
82%
Lions 2004 1133 ydsKevin Jones
82%
Chiefs 2012 1509 ydsJamaal Charles
82%
Cowboys 2006 1084 ydsJulius Jones
82%
Cowboys 2016 1631 ydsEzekiel Elliott
82%
Giants 2005 1860 ydsTiki Barber
82%
Jaguars 2011 1606 ydsMaurice Jones Drew
81%
Bills 2009 1062 ydsFred Jackson
81%
Ravens 2011 1364 ydsRay Rice
81%
Texans 2010 1616 ydsArian Foster
81%
Rams 2006 1528 ydsSteven Jackson
81%
Cowboys 2000 1203 ydsEmmitt Smith
80%
Vikings 2000 1521 ydsRobert Smith
80%
Ravens 2003 2066 ydsJamal Lewis
80%
Patriots 2001 1157 ydsAntowain Smith
80%
Dolphins 2000 1139 ydsLamar Smith
80%
Packers 2003 1883 ydsAhman Green
79%
Bears 2013 1339 ydsMatt Forte
79%
Falcons 2016 1079 ydsDevonta Freeman
77%
Steelers 2000 1341 ydsJerome Bettis
76%
Saints 2016 1043 ydsMark Ingram
75%
Colts 2000 1709 ydsEdgerrin James
73%
Redskins 2012 1613 ydsAlfred Morris
72%
Buccaneers 2010 1007 ydsLegarrette Blount
70%
Dolphins 2014 1099 ydsLamar Miller
67%
Bengals 2014 1124 ydsJeremy Hill
67%
Packers 2013 1178 ydsEddie Lacy
66%
Chiefs 2002 1615 ydsPriest Holmes
66%
Jaguars 2003 1572 ydsFred Taylor
65%
Dolphins 2016 1272 ydsJay Ajayi
64%
Vikings 2006 1216 ydsChester Taylor
64%
Panthers 2003 1444 ydsStephen Davis
63%
Broncos 2003 1591 ydsClinton Portis
63%
Panthers 2009 1133 ydsJonathan Stewart
62%
Rams 2015 1106 ydsTodd Gurley
62%
Lions 2000 1184 ydsJames Stewart
62%
Falcons 2008 1699 ydsMichael Turner
61%
Raiders 2010 1157 ydsDarren Mcfadden
61%
Falcons 2000 1024 ydsJamal Anderson
60%
Broncos 2005 1014 ydsMIke Anderson
60%
Broncos 2000 1487 ydsMike Anderson
60%
Dolphins 2011 1086 ydsReggie Bush
57%
Titans 2000 1509 ydsEddie George
57%
Patriots 2004 1635 ydsCorey Dillon
56%
Bears 2016 1313 ydsJordan Howard
56%
Giants 2010 1235 ydsAhmad Bradshaw
54%
Eagles 2007 1333 ydsBrian Westbrook
54%
Saints 2003 1641 ydsDeuce Mcallister
50%
Titans 2007 1110 ydsLendale White
47%
Chargers 2013 1255 ydsRyan Mathews
47%
Browns 2010 1177 ydsPeyton Hillis
46%
Bears 2001 1183 ydsAnthony Thomas
45%
Ravens 2014 1266 ydsJustin Forsett
44%
Steelers 2006 1494 ydsWillie Parker
44%
Giants 2008 1089 ydsBrandon Jacobs
44%
Titans 2004 1067 ydsChris Brown
43%
Falcons 2005 1416 ydsWarrick Dunn
43%
Dolphins 2006 1008 ydsRonnie Brown
43%
Falcons 2006 1039 ydsMichael Vick
42%
Steelers 2010 1273 ydsRashard Mendenhall
42%
Jets 2015 1070 ydsChris Ivory
41%
Jets 2012 1063 ydsShon Greene
41%
Broncos 2013 1038 ydsKnowshon Moreno
40%
Bills 2012 1244 ydsCJ Spiller
40%
Colts 2006 1081 ydsJoeseph Addai
39%
Colts 2007 1072 ydsJoseph Addai
39%
Bengals 2009 1251 ydsCedric Benson
38%
Bengals 2012 1094 ydsBenjarvus Green Ellis
37%
Bills 2005 1247 ydsWillis Mcgahee
37%
Packers 2009 1253 ydsRyan Grant
33%
49ers 2001 1206 ydsGarrison Hearst
30%
Patriots 2012 1263 ydsStevan Ridley
30%
Bills 2002 1438 ydsTravis Henry
30%
Cardinals 2011 1047 ydsChris Beanie Wells
23%
Seahawks 2000 1242 ydsRicky Watters
23%
Eagles 2002 1029 ydsDuce Staley
21%
Bears 2000 1120 ydsJames Allen
19%
Giants 2008 1025 ydsDerrick Ward
16%
Texans 2008 1282 ydsSteve Slaton
14%
49ers 2000 1142 ydsCharlie Garner
13%
Vikings 2002 1296 ydsMichael Bennett
13%
Broncos 2004 1240 ydsReuben Droughns
13%
Colts 2001 1104 ydsDomanic Rhodes
12%
Raiders 2005 1025 ydsLamont Jordan
11%
Raiders 2007 1009 ydsJustin Fargas
8%
Redskins 2006 1154 ydsLadell Betts
8%
Raiders 2000 1046 ydsTyrone Wheatley
7%
49ers 2003 1024 ydsKevan Barlow
6%
Falcons 2015 1061 ydsDevonta Freeman
2%

Score Distribution

Percentile by Number Answered

Percent of People with Each Score

Your Score History

You have not taken this quiz since the last reset